Lenivosť Rok mravnej obnovy

Bibliographic Details
Main Author: Ondica, Slavomír (Author)
Format: Article
Language:Slovak
Subjects:

MARC

LEADER 00000nab a2200000 a 4500
001 vtls000421091
003 SK-MaSNL
005 20260303002140.0
008 120925c1991 xo 0 slo
015 |a SNBRB19rr/mm-uuuuu 
035 |a CL0421219 
040 |a SNKBUCL  |b slo  |c SNKBUCL  |e AACR2 
041 0 |a slo 
044 |a xo  |c SK 
080 |a 261.4  |2 1981 
100 1 |a Ondica, Slavomír  |4 aut  |9 10654 
245 1 0 |a Lenivosť  |b Rok mravnej obnovy  |c Slavomír Ondica ; Slavomíkr Ondica 
650 0 7 |a kresťanská morálka  |2 snkbucl  |9 4269 
655 7 |a články z novín a časopisov  |2 snkbucl  |9 267496 
700 1 |a Ondica, Slavomír  |4 aut  |9 10654 
773 0 |t Katolícke noviny  |g Roč. 106, č. 27 (1991), s. 2 
850 |a Slovenská národná knižnica v Martine  |a MTA001 
852 |a SNK  |b KIS3GCP 
958 |a RK 
992 |a RBX 
999 |c 1566483  |d 1568413